Epistolario de Sor Dolores Peña y Lillo (Chile, 1763-1769).
Spremljeno u:
| Glavni autor: | |
|---|---|
| Format: | Nepoznato |
| Izdano: |
Madrid, España: Frankfurt am Main, Alemania:
Universidad de Navarra; Iberoamericana; Vervuert,
2008.
|
| Serija: | Biblioteca Indiana.
|
| Teme: | |
| Oznake: |
Dodaj oznaku
Bez oznaka, Budi prvi tko označuje ovaj zapis!
|
MARC
| LEADER | 00000 a2200000 4500 | ||
|---|---|---|---|
| 003 | CL-VaPUC | ||
| 005 | 20231130125534.0 | ||
| 008 | 231121t2008 ||||| |||| 00| 0 eng d | ||
| 999 | |c 442310 |d 442308 | ||
| 020 | |a 9788484893288 | ||
| 040 | |c Pontificia Universidad Católica de Valparaíso | ||
| 082 | |2 22 |a Ch866.1 KOR 2008 | ||
| 100 | |a Kordic Riquelme, Raissa |9 885584 |e prólogo |e edición crítica | ||
| 245 | |a Epistolario de Sor Dolores Peña y Lillo (Chile, 1763-1769). | ||
| 260 | |a Madrid, España: |a Frankfurt am Main, Alemania: |b Universidad de Navarra; |b Iberoamericana; |b Vervuert, |c 2008. | ||
| 300 | |a 518 páginas. | ||
| 490 | |a Biblioteca Indiana. | ||
| 583 | |k GC |c 20231121 | ||
| 600 | |a Peña y Lillo, Josefa de los Dolores, |d 1739-1823 |t Epistolario |v Análisis lingüístico |v Literatura histórica |9 886064 | ||
| 650 | |a Hermanas domínicas |x Religiosas |z Chile |9 886065 | ||
| 942 | |2 ddc |c BK | ||
| 952 | |0 0 |1 0 |2 ddc |4 0 |6 CH_866_100000000000000_KOR_2008 |7 0 |8 A |9 592593 |a BIBEDU |b BIBEDU |c GEN |d 2023-11-21 |e 2 |g 53620.00 |i 5659504 |o Ch866.1 KOR 2008 |p 5659504 |r 2023-11-21 |t 1 |v 53620.00 |w 2023-11-21 |y BK |k LIT | ||